000 00818nam a2200253 a 4500
001 68200
003 BD-RjUL
005 20211209081736.0
008 830606s1983 ilua 001 0 eng
020 _a025602829X
035 _a(BD-RjUL)68410
040 _aDLC
_cDLC
_dDLC
_dBD-RjUL
_beng
041 _aeng
082 0 0 _223
_a510
_bHUA 1983
100 1 _aHughes, Ann J.
_9202178
245 1 0 _aApplied mathematics
_b: for business, economics, and the social sciences /
_cAnn J. Hughes.
260 _aHomewood, Ill. :
_bR.D. Irwin,
_c1983.
300 _axx, 753 p. :
_bill. ;
_c25 cm.
500 _aIncludes index.
650 0 _aMathematics.
_9202180
830 _aIrwin series in quantitative analysis for business
_9202184
942 _2ddc
_cBK
999 _c68200
_d68200